000 01790nam a22002777a 4500
999 _c61245
_d61245
003 Ge_BSU
005 20240111162634.0
008 240110s2023 ge ||||| |||| 00| 0 geo d
020 _a9789941335754
041 _ageo
080 _a008(479.22)(075.8)+726 : 27-523.4(479.22)(075.8) ქ-27
100 _aხმელიძე, თამაზ
_921013
245 _aქართული კულტურა და ხუროთმოძღვრება :
_b[მონოგრაფია] /
_cთამაზ ხმელიძე, ზურაბ ქაშიაშვილი, თამარ ვანიშვილი, მედეა რჩეულიშვილი ; საქართველოს ტექნიკური უნივერსიტეტი.
264 _aთბილისი :
_b უნივერსალი,
_c2023.
300 _a474 გვ. :
_b სურ. ;
_c30 სმ
501 _aთავფურცლის მე-3 გვერდი ინგლისურ ენაზე.
504 _aბიბლიოგრაფია: გვ. 431-436.
653 _aქართული კულტურა
653 _aსაქართველოს ეკლესიების არქიტექტურა
700 _aხმელიძე, თამაზ
_eავტორი
_921013
700 _aქაშიაშვილი, ზურაბ
_eავტორი
_921014
700 _aვანიშვილი, თამარ
_eავტორი
_921015
700 _aრჩეულიშვილი, მედეა
_eავტორი
_921016
710 _aსაქართველოს ტექნიკური უნივერსიტეტი
_921017
942 _2udc
_cᲬᲘᲒᲜᲘ